00743 2200217 4500001002100000005001700021008004100038035002400079082001200103090002200115110008400137245005700221260012000278300002500398650003700423850002100460980001400481985000600495986000900501999001500510YOGYA-0209000004298520090227025923.0 ind  0010-020900000042985 a351.724 a351.724bJaw SlQ aJAWA TENGAH. Bidang Perencanaan Penerimaan dan Penagihan Bidang Bimbingan Ipeda aStatistik penerimaan pajak dan Ipeda tahun 1982/1983 aSemarangbBidang Perencanaan, Penerimaan dan Penagihan Kantor Wilayah V Direktorat Jenderal Pajak Jawa Tengahc1983 axv, hlmbilusc32 cm aPajak dan perpajakan - Statistik aYOPDYOG [TRM 29] a25-8-2007 a1 aRuni a07A0025268